| 000 | 00782nam a22001817a 4500 | ||
|---|---|---|---|
| 999 |
_c63488 _d63488 |
||
| 003 | Ge_BSU | ||
| 005 | 20251017202237.0 | ||
| 008 | 251017s1957 ge ||||| |||| 00| 0 geo d | ||
| 041 | _ageo | ||
| 080 | _a331.109 : 349.2(47+57) ზ-44 | ||
| 100 |
_aზედგინიძე, ა. _91259 |
||
| 245 |
_aშრომითი დავის განხილვის ახალი წესი / _c ა. ზედგინიძე, ზ. ნარიმანოვი. |
||
| 264 |
_aთბილისი : _b სახელგამი, _c1957. |
||
| 300 |
_a60 გვ. ; _b 20 სმ. |
||
| 653 | _aშრომითი დავის განხილვა. | ||
| 700 |
_aნარიმანოვი, ზ. _eავტორი _926057 |
||
| 942 |
_2udc _cᲬᲘᲒᲜᲘ |
||